Sports Quiz

Random Sports or WWE Quiz

WWE/F Champions Quiz Stats

 Plays Quiz not verified by Sporcle

Challenge
Share
Tweet
Embed
Score 0/109 Timer 10:00
0 Plays Today
Year Wrestler % Correct
1997The Undertaker
100%
1991The Undertaker
100%
1998The Rock
100%
1999The Rock
100%
1999The Rock
100%
1999The Undertaker
100%
1999Triple H
100%
1999Triple H
100%
1999The Big Show
100%
2000Triple H
100%
2000The Rock
100%
2000Triple H
100%
2000The Rock
100%
2001The Rock
100%
2002Triple H
100%
2002The Undertaker
100%
2002The Rock
100%
2002The Big Show
100%
2005John Cena
100%
2006John Cena
100%
2006John Cena
100%
2007Triple H
100%
2008Triple H
100%
2009Triple H
100%
2009John Cena
100%
2009John Cena
100%
2010John Cena
100%
2010John Cena
100%
2011John Cena
100%
2011CM Punk
100%
2011John Cena
100%
2011John Cena
100%
2011CM Punk
100%
1984Hulk Hogan
96.9%
1989Hulk Hogan
96.9%
1991Hulk Hogan
96.9%
1992Bret 'Hitman' Hart
96.9%
Year Wrestler % Correct
1993Hulk Hogan
96.9%
1994Bret 'Hitman' Hart
96.9%
1994Diesel
96.9%
1995Bret 'Hitman' Hart
96.9%
1996Shawn Michaels
96.9%
1997Shawn Michaels
96.9%
1997Bret 'Hitman' Hart
96.9%
1997Bret 'Hitman' Hart
96.9%
1991Hulk Hogan
96.9%
1997Shawn Michaels
96.9%
1998'Stone Cold' Steve Austin
96.9%
1998Kane
96.9%
1998'Stone Cold' Steve Austin
96.9%
1999'Stone Cold' Steve Austin
96.9%
1999'Stone Cold' Steve Austin
96.9%
2001'Stone Cold' Steve Austin
96.9%
2001'Stone Cold' Steve Austin
96.9%
2002Brock Lesnar
96.9%
2003Brock Lesnar
96.9%
2003Brock Lesnar
96.9%
2006Edge
96.9%
2006Edge
96.9%
2007Randy Orton
96.9%
2007Randy Orton
96.9%
2008Edge
96.9%
2009Edge
96.9%
2009Randy Orton
96.9%
2009Randy Orton
96.9%
2009Randy Orton
96.9%
2010Randy Orton
96.9%
1992' The Nature Boy' Ric Flair
93.8%
1992'The Nature Boy' Ric Flair
93.8%
1993Yokozuna
93.8%
1993Yokozuna
93.8%
1999Mankind
93.8%
1999Mankind
93.8%
1999Mankind
93.8%
Year Wrestler % Correct
2010The Miz
93.8%
1999Mr. Mcmahon
90.6%
2000Kurt Angle
90.6%
2001Kurt Angle
90.6%
2001Chris Jericho
90.6%
2002Kurt Angle
90.6%
2003Kurt Angle
90.6%
1963Bruno Sammartino
87.5%
1973Bruno Sammartino
87.5%
1978Bob Backlund
87.5%
1988Andre the Giant
87.5%
1988'Macho Man' Randy Savage
87.5%
1992'Macho Man' Randy Savage
87.5%
1994Bob Backlund
87.5%
1996Sycho Sid
87.5%
1997Sycho Sid
87.5%
2004Eddie Guerrero
87.5%
2009Batista
87.5%
2009Sheamus
87.5%
2010Batista
87.5%
2010Sheamus
87.5%
1990The Ultimate Warrior
84.4%
2004John Bradshaw Layfield
84.4%
2008Jeff Hardy
84.4%
1983The Iron Sheik
81.3%
2006Rob Van Dam
81.3%
1963Buddy Rogers
78.1%
1971Pedro Morales
78.1%
2011Rey Mysterio
78.1%
2011Alberto Del Rio
78.1%
2011Alberto Del Rio
78.1%
1977'Superstar' Billy Graham
75%
1991Sgt. Slaughter
75%
1973Stan Stasiak
68.8%
1971Ivan Koloff
53.1%

You're not logged in!

Compare scores with friends on all Sporcle quizzes.
OR
Log In

You Might Also Like...

Show Comments

Extras

Created Apr 1, 2012ReportNominate
Tags:WWE Quiz, champion, wrestlers

Top Quizzes Today


Score Distribution

Your Account Isn't Verified!

In order to create a playlist on Sporcle, you need to verify the email address you used during registration. Go to your Sporcle Settings to finish the process.

Report this User

Report this user for behavior that violates our Community Guidelines.

Details: